Tesoro de las indulgencias y jubileos concedidos por la Santa Sede Apostólica a las cofradías canónicamente erigidas y que hubieren de erigirse bajo el título de la santísima Virgen María de la Merced /
Furkejuvvon:
| Materiálatiipa: | Girji |
|---|---|
| Giella: | espánnjágiella |
| Fáttát: | |
| Fáddágilkorat: |
Eai fáddágilkorat, Lasit vuosttaš fáddágilkora!
|
MARC
| LEADER | 00000nam^a2200000^a^4500 | ||
|---|---|---|---|
| 001 | 000136591 | ||
| 005 | 20250526000000.0 | ||
| 009 | 20260310095322.967 | ||
| 037 | |a Acervo ITESO - Biblioteca | ||
| 041 | |a ESP | ||
| 082 | |a 265. 66 |b TES | ||
| 245 | 0 | 0 | |a Tesoro de las indulgencias y jubileos concedidos por la Santa Sede Apostólica a las cofradías canónicamente erigidas y que hubieren de erigirse bajo el título de la santísima Virgen María de la Merced / |
| 264 | |a México : |b Tipografía del Esfuerzo, |c 1869 | ||
| 300 | |a 21 p. ; |c 15.0 cm. | ||
| 649 | |a XX | ||
| 650 | |a Indulgencias | ||
| 650 | |a Penitencia | ||
| 650 | |a Arrepentimiento | ||
| 650 | |a Sacramentos | ||
| 650 | |a Cofradías | ||
| 650 | |a Teología Práctica | ||
| 650 | |a Catolicismo | ||
| 650 | |a Cristianismo | ||
| 650 | |a Religión | ||
| 910 | |a Fondo Salvador Reynoso Reynoso | ||
| 920 | |a Impresos - Libros | ||
| 930 | |a Libros Antiguos y Raros | ||
| 905 | |a 108 | ||
| 901 | |a 0800013708 |b IT2 |c LRA |u 20250526 | ||
| 902 | |a https://opac.biblio.iteso.mx/vufind/Record/000136591 | ||